The appearances of our Lord after the passion: (Record no. 7623)

000 -LEADER
fixed length control field 00619nam a2200181 a 4500
001 - CONTROL NUMBER
control field :::00005384$&:&@@
003 - CONTROL NUMBER IDENTIFIER
control field OkBaRHE
005 - DATE AND TIME OF LATEST TRANSACTION
control field 20000607103325.0
008 - FIXED-LENGTH DATA ELEMENTS--GENERAL INFORMATION
fixed length control field s1910 j 000 0 eng u
040 ## - CATALOGING SOURCE
Transcribing agency
100 1# - MAIN ENTRY--PERSONAL NAME
Personal name Swete, Henry Barclay, 1835-1917.
245 14 - TITLE STATEMENT
Title The appearances of our Lord after the passion:
Remainder of title a study in earliest Christian tradition.
260 ## - PUBLICATION, DISTRIBUTION, ETC. (IMPRINT)
Place of publication, distribution, etc London, UK:EN., :
Name of publisher, distributor, etc Macmillan and Co.
Date of publication, distribution, etc 1910
300 ## - PHYSICAL DESCRIPTION
Extent 191 p. ;
Dimensions ; 20 cm.
650 ## - SUBJECT ADDED ENTRY--TOPICAL TERM
Topical term or geographic name as entry element Jesus Christ
General subdivision Forty Days
942 ## - ADDED ENTRY ELEMENTS (KOHA)
Source of classification or shelving scheme
Koha item type Books
Copies
Permanent Location Koha item type Withdrawn status Full call number Copy number Date acquired Barcode Lost status Damaged status Date last seen Not for loan Source of classification or shelving scheme Shelving location Price effective from
RHEMA Bible Training CollegeBooks BT 485 .W9412010-04-145384  2010-04-14  General Stacks2010-04-14